00471nam a2200169 a 4500008004100000020001500041050001000056100002300066245003000089260004200119300002400161350000900185500004000194650001600234700003200250700001900282060316s1982 ||||||||||||||||| || u a047108445X aTA147 aSpringer, George S10aPrinciples of engineering aNew York :bJohn Wiley and Sonsc1982 axiii, 558 p. : ill. a0.00 aIncludes bibliographical references aENGINEERING aDuderstadt, James J., 1942- aKnoll, Glenn F